000 00713nam a2200217Ia 4500
003 IN-BaIIA
008 211028s9999 xx s 000 0 eng d
020 _a978-1-4419-7623-9 (Print)
020 _a978-1-4419-7624-6 (Online)
040 _cIIA Library
100 _aKelley, David H.
_930407
245 0 _aExploring Ancient Skies
_h[eBook]
260 _aNew York
_bSpringer New York
_c2011
300 _aOnline resource
650 _a Astronomy, Astrophysics and Cosmology
_936176
650 _a Astronomy, Observations and Techniques
_932107
650 _aPhysics
_973
700 _aMilone, Eugene F.
_923275
856 _uhttp://doi.org/10.1007/978-1-4419-7624-6
_yClick Here to Access eBook
942 _cEB
999 _c20909
_d20909